[Event "Berks & Bucks Challengers op"]
[Site "Maidenhead"]
[Date "2024.08.25"]
[Round "3"]
[White "Ganesh, Shruthisriya"]
[Black "Sellick, Simon C"]
[Result "0-1"]
[WhiteElo "1469"]
[BlackElo "1676"]
[PlyCount "82"]
[EventDate "2024.08.24"]
[EventType "swiss"]
[EventRounds "6"]
[EventCountry "ENG"]
[SourceTitle "CBM 221 Extra"]
[Source "ChessBase"]
[SourceDate "2024.09.30"]
[SourceVersion "1"]
[SourceVersionDate "2024.09.30"]
[SourceQuality "1"]

1. e4 c5 2. Nc3 Nc6 3. Bb5 g6 4. Bxc6 bxc6 5. d4 Bg7 6. Nf3 cxd4 7. Nxd4 Qb6 8. Nde2 d6 9. b3 Nh6 10. Bb2 0-0 11. Qd2 Ng4 12. Ng3 Bh6 13. Qe2 Ne5 14. Rf1 Ba6 15. Na4 Qb7 16. c4 Nd7 17. f4 Nb6 18. Nf5 gxf5 19. exf5 f6 20. Rb1 Qd7 21. g4 Nxa4 22. bxa4 d5 23. Qg2 Rf7 24. g5 Bf8 25. g6 hxg6 26. fxg6 Rg7 27. f5 e5 28. h4 Bb4+ 29. Kf2 Qxf5+ 30. Ke3 d4+ 31. Ke2 Bxc4+ 32. Kd1 Qxb1+ 33. Bc1 Qd3+ 34. Bd2 Bxa2 35. Rf2 Bb3+ 36. Ke1 Qb1+ 37. Ke2 Qd1+ 38. Kd3 Qb1+ 39. Ke2 Bd1+ 40. Kf1 Bh5+ 41. Bc1 Qxc1# 0-1

[Event "Berks & Bucks Challengers op"]
[Site "Maidenhead"]
[Date "2024.08.24"]
[Round "1"]
[White "Berkley, Stephen W"]
[Black "Sellick, Simon C"]
[Result "1-0"]
[WhiteElo "1817"]
[BlackElo "1676"]
[PlyCount "49"]
[EventDate "2024.08.24"]
[EventType "swiss"]
[EventRounds "6"]
[EventCountry "ENG"]
[SourceTitle "CBM 221 Extra"]
[Source "ChessBase"]
[SourceDate "2024.09.30"]
[SourceVersion "1"]
[SourceVersionDate "2024.09.30"]
[SourceQuality "1"]

1. d4 Nf6 2. c4 e6 3. Nc3 Bb4 4. e3 0-0 5. Bd3 d5 6. Nf3 dxc4 7. Bxc4 c5 8. a3 Bxc3+ 9. bxc3 cxd4 10. cxd4 Nc6 11. 0-0 Na5 12. Bd3 Qd5 13. Rb1 Bd7 14. Ne5 Be8 15. Bd2 Nc6 16. Bc4 Qd8 17. Rxb7 Nxe5 18. dxe5 Bc6 19. Rb1 Nd5 20. Qg4 Rc8 21. Ba6 f5 22. exf6 Rxf6 23. Bxc8 Qxc8 24. Qg3 Rg6 25. Rb8 1-0

[Event "GBR-ch U1750 106th"]
[Site "Torquay"]
[Date "2019.08.01"]
[Round "4"]
[White "Sellick, Simon C"]
[Black "Patel, Zain"]
[Result "0-1"]
[WhiteElo "1512"]
[BlackElo "1457"]
[PlyCount "78"]
[EventDate "2019.07.29"]
[EventType "swiss"]
[EventRounds "7"]
[EventCountry "ENG"]
[SourceTitle "EXT 2025"]
[Source "ChessBase"]
[SourceDate "2024.10.14"]
[SourceVersion "1"]
[SourceVersionDate "2024.10.14"]
[SourceQuality "1"]

1. e4 c5 2. Nf3 d6 3. d4 cxd4 4. Nxd4 Nf6 5. Nc3 a6 6. Bg5 e6 7. f4 b5 8. e5 dxe5 9. fxe5 Qc7 10. Nf3 Nfd7 11. Qe2 Nc6 12. 0-0-0 Bb4 13. Qe3 0-0 14. Bf4 Qa5 15. Kb1 Bxc3 16. Qxc3 Qxc3 17. bxc3 Nc5 18. Nd4 Bb7 19. Be2 Ne4 20. Kb2 Nf2 21. Nxc6 Nxd1+ 22. Rxd1 Bxc6 23. g3 Rad8 24. Rd4 a5 25. Bg5 Rxd4 26. cxd4 f6 27. exf6 gxf6 28. Bd2 e5 29. dxe5 fxe5 30. Bxa5 Rf2 31. Bg4 Rxh2 32. Be6+ Kg7 33. Bb3 Kf6 34. Bc3 Kf5 35. g4+ Kf4 36. g5 e4 37. Kc1 Rh1+ 38. Kd2 e3+ 39. Ke2 Bf3+ 0-1

[Event "GBR-ch U1750 106th"]
[Site "Torquay"]
[Date "2019.07.31"]
[Round "3"]
[White "Sandhu, Sandeep"]
[Black "Sellick, Simon C"]
[Result "1-0"]
[WhiteElo "1443"]
[BlackElo "1512"]
[PlyCount "79"]
[EventDate "2019.07.29"]
[EventType "swiss"]
[EventRounds "7"]
[EventCountry "ENG"]
[SourceTitle "EXT 2025"]
[Source "ChessBase"]
[SourceDate "2024.10.14"]
[SourceVersion "1"]
[SourceVersionDate "2024.10.14"]
[SourceQuality "1"]

1. e4 c5 2. d3 Nc6 3. Nf3 g6 4. g3 Bg7 5. c3 d5 6. Nbd2 e6 7. Bg2 Nge7 8. 0-0 0-0 9. Re1 d4 10. e5 Nd5 11. c4 Nc7 12. h4 f6 13. exf6 Bxf6 14. Ne4 Be7 15. Bg5 e5 16. Bxe7 Qxe7 17. Qd2 Bg4 18. Nh2 Bf5 19. a3 a5 20. Ng5 h6 21. Bxc6 bxc6 22. Ngf3 Qf6 23. g4 Bxg4 24. Nxg4 Qxf3 25. Nxe5 Qh5 26. Nd7 Rf5 27. Re5 Qg4+ 28. Kf1 Qh3+ 29. Ke2 Qf3+ 30. Kf1 Qh1+ 31. Ke2 Rxe5+ 32. Nxe5 Qxh4 33. Rg1 Qh5+ 34. Kf1 Qh3+ 35. Ke1 g5 36. Rxg5+ Kh7 37. Qf4 Qe6 38. Qe4+ Kh8 39. Rg6 Qxg6 40. Qxg6 1-0

[Event "GBR-ch U1750 106th"]
[Site "Torquay"]
[Date "2019.07.30"]
[Round "2"]
[White "Sellick, Simon C"]
[Black "Pert, Max P"]
[Result "0-1"]
[WhiteElo "1512"]
[BlackElo "1340"]
[PlyCount "128"]
[EventDate "2019.07.29"]
[EventType "swiss"]
[EventRounds "7"]
[EventCountry "ENG"]
[SourceTitle "EXT 2025"]
[Source "ChessBase"]
[SourceDate "2024.10.14"]
[SourceVersion "1"]
[SourceVersionDate "2024.10.14"]
[SourceQuality "1"]

1. e4 c6 2. d4 d5 3. e5 c5 4. dxc5 Nc6 5. f4 Bf5 6. Nf3 e6 7. Be3 Nge7 8. c3 Bg6 9. Nbd2 Nf5 10. Bf2 Be7 11. Qb3 Qc7 12. Bb5 a6 13. Qa4 0-0 14. Bxc6 bxc6 15. Nb3 Rfb8 16. 0-0 Bh5 17. Nfd4 Nxd4 18. Nxd4 Bxc5 19. Qxc6 Qxc6 20. Nxc6 Bxf2+ 21. Rxf2 Rb6 22. Nd4 Rab8 23. f5 exf5 24. Nxf5 Rxb2 25. Rxb2 Rxb2 26. Ne7+ Kf8 27. Nxd5 Re2 28. Nf4 Rxe5 29. Nxh5 Rxh5 30. Rb1 Rb5 31. Rb3 Ke7 32. c4 Rxb3 33. axb3 a5 34. Kf2 Kd6 35. Ke3 Kc5 36. Kd3 f5 37. h4 h6 38. h5 Kc6 39. Kd4 Kd6 40. g3 Kc6 41. Ke5 Kc5 42. Kxf5 Kb4 43. Kg6 Kxb3 44. c5 a4 45. c6 a3 46. c7 a2 47. c8Q a1Q 48. Qe6+ Kc2 49. Qc4+ Kd2 50. Qd5+ Ke3 51. Qb3+ Kf2 52. Qc2+ Kxg3 53. Qd3+ Kf4 54. Qf5+ Ke3 55. Qe6+ Kd3 56. Qd7+ Ke4 57. Qe7+ Kf4 58. Qf7+ Kg4 59. Qf5+ Kg3 60. Kh7 Kh4 61. Qg6 Qe5 62. Qxg7 Qxg7+ 63. Kxg7 Kxh5 64. Kf6 Kg4 0-1

[Event "BCF-chT4S 1819 (4NCL)"]
[Site "England"]
[Date "2019.01.12"]
[Round "3.133"]
[White "Sutton, Daniel"]
[Black "Sellick, Simon C"]
[Result "1-0"]
[WhiteElo "1864"]
[BlackElo "1516"]
[PlyCount "39"]
[EventDate "2018.11.17"]
[EventType "team-swiss"]
[EventRounds "11"]
[EventCountry "ENG"]
[SourceTitle "EXT 2021"]
[Source "ChessBase"]
[SourceDate "2020.10.23"]
[SourceVersion "1"]
[SourceVersionDate "2020.10.23"]
[SourceQuality "1"]
[WhiteTeam "Sussex Martlets III"]
[BlackTeam "Camberley Juniors"]
[WhiteTeamCountry "ENG"]
[BlackTeamCountry "ENG"]

1. e4 c5 2. c3 Nf6 3. e5 Nd5 4. d4 cxd4 5. cxd4 d6 6. Nf3 e6 7. Bd3 Nc6 8. 0-0 dxe5 9. dxe5 Be7 10. Qe2 h6 11. Re1 Bg5 12. Nxg5 hxg5 13. Nc3 Nxc3 14. bxc3 Qd5 15. Bxg5 Nxe5 16. Qxe5 Qxd3 17. Rad1 Qxd1 18. Rxd1 f6 19. Bxf6 gxf6 20. Qxf6 1-0

[Event "BCF-ch Weekend Under 1825 105th"]
[Site "Hull"]
[Date "2018.07.29"]
[Round "4.18"]
[White "Crouch, Timothy J"]
[Black "Sellick, Simon C"]
[Result "1/2-1/2"]
[WhiteElo "1535"]
[BlackElo "1674"]
[PlyCount "167"]
[EventDate "2018.07.27"]
[EventType "swiss"]
[EventRounds "5"]
[EventCountry "ENG"]
[SourceTitle "EXT 2021"]
[Source "ChessBase"]
[SourceDate "2020.10.23"]
[SourceVersion "1"]
[SourceVersionDate "2020.10.23"]
[SourceQuality "1"]

1. e4 c5 2. Bc4 Nc6 3. a3 Nf6 4. d3 d6 5. Nf3 g6 6. Ng5 e6 7. Nf3 Bg7 8. c3 0-0 9. 0-0 Qc7 10. Nbd2 d5 11. exd5 exd5 12. Ba2 Re8 13. Re1 Rxe1+ 14. Qxe1 Bf5 15. d4 Re8 16. Qd1 cxd4 17. cxd4 Na5 18. h3 Bc2 19. Qf1 a6 20. b4 Qc3 21. Bb2 Qxb2 22. bxa5 Bd3 23. Qc1 Qb5 24. Qc3 Bf5 25. Ne5 Be6 26. Rb1 Rc8 27. Qxc8+ Bxc8 28. Rxb5 axb5 29. Bb1 Bf8 30. Bd3 Bxa3 31. Bxb5 Bb4 32. Nb3 Ne4 33. Bd7 Nd6 34. Bxc8 Nxc8 35. Nd3 Bc3 36. Ndc5 Nd6 37. Nxb7 Nb5 38. a6 Na7 39. f3 Kf8 40. Kf2 Ke7 41. Ke3 Nb5 42. Kd3 Be1 43. N7c5 Bg3 44. Na5 Na7 45. Nab7 Bb8 46. Ke3 Nc6 47. f4 f5 48. h4 Ke8 49. g3 Ke7 50. Kd3 Ke8 51. Ne6 Ke7 52. Nbc5 Nb4+ 53. Kc3 Nc6 54. Kb3 Ba7 55. Ka4 Nxd4 56. Nxd4 Bxc5 57. Nc6+ Kd6 58. a7 Bxa7 59. Nxa7 d4 60. Kb3 Kd5 61. Kc2 Ke4 62. Kd2 Kf3 63. h5 Kxg3 64. hxg6 hxg6 65. Nc6 Kxf4 66. Nxd4 Ke4 67. Ne6 f4 68. Ke2 Ke5 69. Ng5 Kf5 70. Nh3 Kg4 71. Nf2+ Kg3 72. Kf1 Kh2 73. Ne4 Kh3 74. Kf2 Kg4 75. Nf6+ Kf5 76. Nd5 g5 77. Nc3 g4 78. Kg2 Ke5 79. Kf2 Kd4 80. Ne2+ Ke4 81. Ng3+ Kd3 82. Nh5 g3+ 83. Nxg3 fxg3+ 84. Kxg3 1/2-1/2

[Event "BCF-ch Soanes op"]
[Site "Aberystwyth"]
[Date "2014.07.27"]
[Round "5"]
[White "Sellick, Simon C"]
[Black "Crouch, Timothy J"]
[Result "1-0"]
[WhiteElo "109"]
[BlackElo "131"]
[PlyCount "41"]
[EventDate "2014.07.25"]
[EventType "tourn"]
[EventRounds "5"]
[EventCountry "WLS"]
[SourceTitle "EXT 2017"]
[Source "ChessBase"]
[SourceDate "2016.10.25"]
[SourceVersion "1"]
[SourceVersionDate "2016.10.25"]
[SourceQuality "1"]

1. e4 c5 2. Nf3 d6 3. d4 cxd4 4. Nxd4 Nf6 5. Nc3 a6 6. Be3 e6 7. Be2 Be7 8. g4 b5 9. a3 Bb7 10. f3 Nc6 11. Qd2 Nd7 12. 0-0-0 Rc8 13. Nxc6 Rxc6 14. f4 Bf6 15. e5 dxe5 16. g5 exf4 17. gxf6 fxe3 18. Qxe3 Qxf6 19. Ne4 Rxc2+ 20. Kxc2 Bxe4+ 21. Qxe4 1-0

[Event "BCF-ch U140"]
[Site "Aberystwyth"]
[Date "2014.07.23"]
[Round "3"]
[White "Sellick, Simon C"]
[Black "Fraser, Susan A"]
[Result "1-0"]
[WhiteElo "109"]
[BlackElo "124"]
[PlyCount "45"]
[EventDate "2014.07.21"]
[EventType "swiss"]
[EventRounds "5"]
[EventCountry "WLS"]
[SourceTitle "EXT 2017"]
[Source "ChessBase"]
[SourceDate "2016.10.25"]
[SourceVersion "1"]
[SourceVersionDate "2016.10.25"]
[SourceQuality "1"]

1. e4 c5 2. Nf3 d6 3. d4 cxd4 4. Nxd4 Nf6 5. Nc3 g6 6. Be3 Bg7 7. f3 Nc6 8. Qd2 Bd7 9. 0-0-0 0-0 10. g4 Rc8 11. h4 Ne5 12. h5 Nc4 13. Bxc4 Rxc4 14. hxg6 hxg6 15. Kb1 a6 16. Bh6 b5 17. Nd5 Nxd5 18. Bxg7 Kxg7 19. Qh6+ Kf6 20. g5+ Ke5 21. Qh2+ Nf4 22. Ne2 Qc7 23. Rd5+ 1-0